000 00281nam a22001337a 4500
008 170530b xxu||||| |||| 00| 0 eng d
020 _a9780465011148
041 _aeng
080 _a94(100)
100 _a17
101 _aSHH
245 _aCRY HAVOC
_cMAIOLO,J
942 _2udc
_cBK
999 _c15029
_d15029